SAP 1 Sensores, Procesadores, Actuadores / M. Meixner, Idler, S. (Registro nro. 27027)
[ vista simple ]
| 000 -LÍDER | |
|---|---|
| fixed length control field | 00429nam a2200157 4500 |
| 020 ## - NÚMERO INTERNACIONAL NORMALIZADO PARA LIBROS | |
| ISBN | S/N |
| 050 ## - SIGNATURA TOPOGRAFICA DE LA BIBLIOTECA DEL CONGRESO (LC) | |
| Número de Clasificación | TJ950 M418 1990 |
| 082 ## - NUMERO DE CLASIFICACION DECIMAL DEWEY | |
| Número de Clasificación | 629.845 M567s |
| 100 ## - ASIENTO PRINCIPAL--NOMBRE PERSONAL | |
| Nombre personal | Meixner, M. |
| 245 ## - TÍTULO | |
| Título | SAP 1 Sensores, Procesadores, Actuadores / M. Meixner, Idler, S. |
| 250 ## - MENCIÓN DE EDICIÓN | |
| Mención de edición | 1 |
| 260 ## - PUBLICACIÓN, DISTRIBUCIÓN, ETC. (PIE DE IMPRENTA) | |
| Lugar de publicación, distribución, etc. | Austria : Festo Didactic |
| 300 ## - DESCRIPCIÓN FÍSICA | |
| Extensión | 185 p. / 29 cm. |
| 650 ## - ASIENTO SECUNDARIO DE MATERIA - TERMINO TEMÁTICO | |
| Término temático o nombre geográfico como elemento de entrada | 1. MÁQUINAS NEUMÁTICAS / 2. NEUMÁTICA |
| 700 ## - ASIENTO SECUNDARIO - NOMBRE PERSONAL | |
| Nombre personal | I. S. Idler coaut. |
| No. biblioteca | No. biblioteca | Número de clasificación | Código de barras/Número de adquisición | Número de copia | Tipo de material |
|---|---|---|---|---|---|
| ÁREA DE ELECTROMECÁNICA | ÁREA DE ELECTROMECÁNICA | 629.845 M567s | 15921 | 1 | Libros |
